000 00703nam a2200241Ia 4500
003 OSt
005 20220926002520.0
006 a|||||r|||| 00| 0
007 ta
008 220923b |||||||| |||| 00| 0 eng d
037 _cGeneral Book
040 _aRTL
_cRTL
_beng
041 _2eng
_aeng
082 _aX:87:(S:44), M5
100 _aTANDAN (Sandhya)
_9306001
245 0 _aExecutive decision making
_b Concepts and pratices
260 _a New Delhi
_bNational
_c1985
300 _a137p
_ccm.
650 _aExecutive Management
700 _a KHANNA (K K)
_9121759
942 _hX:87:(S:44), M5
_cGB
_2CC
999 _c605309
_d605309